The past and the present revisited /

Bibliographic Details
Main Author: Stone, Lawrence
Format: Book
Language:English
Published: London ; New York : Routledge & Kegan Paul, 1987.
Subjects:

MARC

Tag First Indicator Second Indicator Subfields
LEADER 00000cam a2200000 a 4500
001 in00000033066
005 20151007055115.0
008 870707s1987 enk b 00010 eng
010 |a  87020480  
020 |a 0710212534 
020 |a 0710211937 (pbk.) 
035 |a (OCoLC)16277923 
035 |9 AAB7277AM 
040 |a DLC  |c DLC  |d TXA  |d UtOrBLW 
049 |a TXAM  |c [A12555084] 
050 0 0 |a D210  |b .S775 1987 
082 0 |a 907/.2  |2 19 
100 1 |a Stone, Lawrence. 
245 1 4 |a The past and the present revisited /  |c Lawrence Stone. 
264 1 |a London ;  |a New York :  |b Routledge & Kegan Paul,  |c 1987. 
300 |a xii, 440 pages ;  |c 23 cm. 
336 |a text  |b txt  |2 rdacontent 
337 |a unmediated  |b n  |2 rdamedia 
338 |a volume  |b nc  |2 rdacarrier 
500 |a Revised edition of: The past and the present. 1981. 
504 |a Bibliography: pages 411-440. 
650 0 |a History, Modern. 
650 0 |a Historiography  |x History  |y 20th century. 
650 0 |a Social sciences and history. 
700 1 |a Stone, Lawrence.  |t Past and the present. 
999 |a MARS 
999 f f |s e7d8b633-e98d-3617-b4d0-7e396df76d6b  |i 747fdbec-9fea-3375-8b52-b56b40a17863  |t 0 
952 f f |p ric  |a Texas A&M University  |b Rellis Campus  |c Joint Library Facility  |d Remote Storage  |t 0  |e D210 .S775 1987  |h Library of Congress classification  |i unmediated -- volume  |m A14812555084 
998 f f |a D210 .S775 1987  |t 0  |l Remote Storage